Balyoz'da kumpas (Record no. 2972)

MARC details
000 -BAŞLIK
Sabit Uzunlukta Kontrol Alanı 00970na a2200289 4500
001 - KONTROL NUMARASI
Denetim Alanı 23051
003 - KONTROL NUMARASI IDENTIFIER
Denetim Alanı MIRAKIL
005 - SON İŞLEM TARİHİ VE ZAMANI
Denetim Alanı 20181213154915.0
008 - SABİT-BOY VERİ ELEMANLARI - GENEL BİLGİLER
Sabit Uzunlukta Kontrol Alanı 170516b tu 000 0
020 ## - ULUSLARARASI STANDART KİTAP NUMARASI
Uluslararası Standart Kitap Numarası 9786050918458
040 ## - KATALOGLAMA KAYNAK
Orijinal Kataloglama Ajansı Milas
Kataloglama Dili tur
Metne Dönüştürmek Ajansı TR-AnCHP
041 ## - DİL KODU
Metin / Ses Parça Veya Ayrı Başlığın Dil Kodu tur
082 ## - DEWEY ONLU SINIFLANDIRMA NUMARASI
Sınıflandırma Numarası 364.131
Ürün Numarası Ö97b 2014
090 ## - SINIFLAMA NUMARASI
Sınıflama Numarası 364.131 Ö97b 2014
100 ## - ANA GİRİŞ - KİŞİSEL İSİM
Kişisel Ad Öztürk, Saygı
245 ## - BAŞLIK TABLOSU
Başlık Balyoz'da kumpas
Başlığın Kalan Belgelerle balyoz davası ve sonrası
Sorumluluk Tablosu, Vb Saygı Öztürk
246 ## - UNVAN FORM VARYING
Başlık Doğru / Kısa Başlığı Belgelerle balyoz davası ve sonrası
260 ## - YAYIN, DAĞITIM, VB
Yayın, Dağıtım, Vb Yeri İstanbul
Yayıncı, Dağıtıcı, Vs Adı Doğan Kitap
Yayın, Dağıtım, Vb Tarihi 2014
Üretici Firma Ayhan matbaa basım sanayi
300 ## - FİZİKSEL TANIM
Kapsam 253 s.
Diğer Fiziksel Ayrıntıları fotğ.
Boyutlar 23 sm.
650 ## - KONU KATMA GİRİŞ - TOPİKAL DÖNEM
Topikal Süreli Veya Coğrafi Ad Giriş Elemanı Silahlı Kuvvetler
Genel Alt Bölümü Siyasi Faaliyetler
Kronolojik Alt Bölümü Türkiye
650 ## - KONU KATMA GİRİŞ - TOPİKAL DÖNEM
Topikal Süreli Veya Coğrafi Ad Giriş Elemanı Davalar (Siyasal suçlar)
Genel Alt Bölümü Balyoz Davası
650 ## - KONU KATMA GİRİŞ - TOPİKAL DÖNEM
Topikal Süreli Veya Coğrafi Ad Giriş Elemanı Siyasal suçlar
Genel Alt Bölümü Türkiye
Kronolojik Alt Bölümü 21. yüzyıl
651 ## - KONU KATMA GİRİŞ - COĞRAFİ ADI
Coğrafi İsim Türkiye
Genel Alt Bölümü Tarih
651 ## - KONU KATMA GİRİŞ - COĞRAFİ ADI
Coğrafi İsim Türkiye
Genel Alt Bölümü Siyaset ve yönetim
Kronolojik Alt Bölümü 21. yüzyıl
740 ## - KATMA GİRİŞ - KONTROLSUZ İLGİLİ / ANALİTİK BAŞLIK
Kontrol Edilmeyen / İlgili Analitik Başlıktaki Belgelerle balyoz davası ve sonrası
942 ## - EKLENDİ GİRİŞ ELEMANLARI (KOHA)
Sınıflandırma Veya Raf Düzeni Kaynak
Koha Öğesi Türü Books
999 ## - SİSTEM KONTROL NUMARALARI (KOHA)
Koha Biblionumber 2972
Koha Biblioitemnumber 2972
Holdings
Kalıcı Konum Mevcut Konum Edinme Tarihi Edinim Kaynak Toplam Check-Out'Lar Tam Çağrı Numarası Barkod Tarih Son Görülme İtibaren Geçerli Fiyatlar Koha Öğesi Türü
CHP Kütüphanesi CHP Kütüphanesi 05/16/2017 Bağış   364.131 Ö97b 2014 017016 05/16/2017 05/16/2017 Books